| 000 | 00419nam a2200157Ia 4500 | ||
|---|---|---|---|
| 008 | 190425s9999 xx 000 0 und d | ||
| 100 | _aSimeon, Louise Maureen | ||
| 245 | _aFood price problem not at farm level/ | ||
| 245 | _cLouise Maureen Simeon | ||
| 260 | _bThe Philippine Star | ||
| 260 | _c2018 | ||
| 300 | _aPage B10, August 13 | ||
| 440 | _aThe Philippine Star | ||
| 650 | _aagriculture | ||
| 650 | _arice | ||
| 999 |
_c361624 _d361624 |
||